Five Best World Cup Goalscorers By Continent - Statistics

General Stats
  • This quiz has been taken 253 times
  • The average score is 10 of 29
Answer Stats
Hint Country Goals Player(s) % Correct
Europe West Germany 14 Gerd Muller
89%
Europe Germany 16 Miroslav Klose
85%
South America Brazil 15 Ronaldo
83%
South America Brazil 12 Pelé
80%
Asia South Korea 3 Son Heung-min
65%
Africa Cameroon 3 Samuel Eto'o
62%
North America United States 5 Landon Donovan
48%
Europe France 13 Just Fontaine
47%
Oceania Australia 5 Tim Cahill
39%
South America Argentina 10 Gabriel Batistuta
36%
North America Mexico 4 Javier Hernández
36%
North America Mexico 4 Luis Hernández
36%
North America United States 4 Clint Dempsey
34%
Africa Ghana 6 Asamoah Gyan
27%
Asia Japan 4 Keisuke Honda
26%
Africa Cameroon 5 Roger Milla
26%
Europe Germany 11 Jurgen Klinsmann
24%
Europe Hungary 11 Sandor Kocsis
21%
South America Brazil 9 Ademir/Vavá/Jairzinho
20%
South America Peru 10 Teófilo Cubillas
14%
Asia South Korea 3 Park Ji-sung
13%
Africa Nigeria 4 Ahmed Musa
12%
Africa Senegal 3 Papa Bouba Diop
10%
Asia South Korea 3 Ahn Jung-hwan
7%
Oceania Australia 3 Mile Jedinak
7%
Asia Saudi Arabia/Turkey 3 Sami Al-Jaber/Burhan Sargun + 2 others
7%
Oceania Australia/New Zealand 1 John Aliosi/Harry Kewell + 5 other players
6%
North America United States 4 Bert Patenaude
1%
Oceania Australia 2 Brett Holman
1%
No matching quizzes found
Score Distribution
Percent of People with Each Score
Percentile by Number Answered
Your Score History
You have not taken this quiz